Financial Management : (Record no. 5760)
[ view plain ]
| 000 -LEADER | |
|---|---|
| fixed length control field | 00691nam a22002177a 4500 |
| 003 - CONTROL NUMBER IDENTIFIER | |
| control field | BUBTL |
| 008 - FIXED-LENGTH DATA ELEMENTS--GENERAL INFORMATION | |
| fixed length control field | 180730b xxu||||| |||| 00| 0 eng d |
| 020 ## - INTERNATIONAL STANDARD BOOK NUMBER | |
| International Standard Book Number | 9788131526620 |
| 082 ## - DEWEY DECIMAL CLASSIFICATION NUMBER | |
| Classification number | 658.15/ B7685f/ 2014 |
| 100 ## - MAIN ENTRY--PERSONAL NAME | |
| 9 (RLIN) | 1948 |
| Personal name | Brigham, Eugene F. |
| 245 ## - TITLE STATEMENT | |
| Title | Financial Management : |
| Remainder of title | theory & Practice / |
| Statement of responsibility, etc. | Eugene F. Brigham, Michael C. Ehrhardt |
| 250 ## - EDITION STATEMENT | |
| Edition statement | 14th |
| 260 ## - PUBLICATION, DISTRIBUTION, ETC. (IMPRINT) | |
| Place of publication, distribution, etc. | New delhi |
| Name of publisher, distributor, etc. | Cengage Learning |
| Date of publication, distribution, etc. | c2014 |
| 300 ## - PHYSICAL DESCRIPTION | |
| Extent | [xxxi], 1163p . : |
| Other physical details | ill. Chart, Table ; 26cm . |
| 500 ## - GENERAL NOTE | |
| General note | Includes Index . |
| 650 #0 - SUBJECT ADDED ENTRY--TOPICAL TERM | |
| 9 (RLIN) | 18 |
| Topical term or geographic name as entry element | Finance |
| 700 ## - ADDED ENTRY--PERSONAL NAME | |
| 9 (RLIN) | 1949 |
| Personal name | Eugene F. Brigham, Michael C. Ehrhardt |
| 856 ## - ELECTRONIC LOCATION AND ACCESS | |
| Password | 0 |
| Logon | 0 |
| Link text | Download |
| 942 ## - ADDED ENTRY ELEMENTS (KOHA) | |
| Source of classification or shelving scheme | |
| Koha item type | Books |
| Withdrawn status | Lost status | Source of classification or shelving scheme | Damaged status | Not for loan | Collection code | Permanent location | Current location | Shelving location | Date acquired | Inventory number | Total Checkouts | Full call number | Barcode | Date last seen | Copy number | Price effective from | Koha item type |
|---|---|---|---|---|---|---|---|---|---|---|---|---|---|---|---|---|---|
| Not For Loan | Non-fiction | Bangladesh University of Business and Technology Library | Bangladesh University of Business and Technology Library | Finance Stacks | 07/30/2018 | 24621 | 658.15 BRF | BUBTL-200324621 | 07/30/2018 | C-1 | 07/30/2018 | Books | |||||
| Non-fiction | Bangladesh University of Business and Technology Library | Bangladesh University of Business and Technology Library | Finance Stacks | 07/30/2018 | 24619 | 658.15 BRF | BUBTL-200324619 | 07/30/2018 | C-2 | 07/30/2018 | Books | ||||||
| Non-fiction | Bangladesh University of Business and Technology Library | Bangladesh University of Business and Technology Library | Finance Stacks | 07/30/2018 | 24617 | 658.15 BRF | BUBTL-200324617 | 07/30/2018 | C-3 | 07/30/2018 | Books | ||||||
| Non-fiction | Bangladesh University of Business and Technology Library | Bangladesh University of Business and Technology Library | Finance Stacks | 07/30/2018 | 24620 | 658.15 BRF | BUBTL-200324620 | 07/30/2018 | C-4 | 07/30/2018 | Books | ||||||
| Non-fiction | Bangladesh University of Business and Technology Library | Bangladesh University of Business and Technology Library | Finance Stacks | 07/30/2018 | 24618 | 658.15 BRF | BUBTL-200324618 | 07/30/2018 | C-5 | 07/30/2018 | Books |
